000 00297nam a22001337a 4500
008 170808b xxu||||| |||| 00| 0 eng d
020 _a013418998
041 _aeng
080 _a004
100 _a35
101 _aSHKI
245 _a6421B MICROSOFT OFFICIAL COURSE
_cMICROSOFT
942 _2udc
_cBK
999 _c22896
_d22896